A preliminary descriptive catalogue of the systematic collections in economic geology and metallurgy in the United States National Museum. (Record no. 52683)

MARC details
000 -LEADER
fixed length control field 01056cam a22002531 4500
001 - CONTROL NUMBER
control field s 13000156
003 - CONTROL NUMBER IDENTIFIER
control field DLC
005 - DATE AND TIME OF LATEST TRANSACTION
control field 20260227111911.0
008 - FIXED-LENGTH DATA ELEMENTS--GENERAL INFORMATION
fixed length control field 790509s1891 dcuaef bc f000 0 eng c
010 ## - LIBRARY OF CONGRESS CONTROL NUMBER
LC control number s 13000156
035 ## - SYSTEM CONTROL NUMBER
System control number (OCoLC)4945185
040 ## - CATALOGING SOURCE
Original cataloging agency Smithsonian Institution. Library
Transcribing agency PBm
Modifying agency OCoLC
-- DLC
050 00 - LIBRARY OF CONGRESS CALL NUMBER
Classification number Q11
Item number .U6
100 1# - MAIN ENTRY--PERSONAL NAME
Personal name Dewey, Fred. P.
Fuller form of name (Frederic Perkins),
Dates associated with a name 1855-1921.
245 12 - TITLE STATEMENT
Title A preliminary descriptive catalogue of the systematic collections in economic geology and metallurgy in the United States National Museum.
Statement of responsibility, etc. By Frederic P. Dewey.
260 ## - PUBLICATION, DISTRIBUTION, ETC.
Place of publication, distribution, etc. Washington,
Name of publisher, distributor, etc. Govt. Print. Off.,
Date of publication, distribution, etc. 1891.
300 ## - PHYSICAL DESCRIPTION
Extent xviii, 256 p.
Other physical details illus., XXXIV pl. (incl. plans)
Dimensions 24 cm.
490 0# - SERIES STATEMENT
Series statement Bulletin of the United States National Museum.
Volume/sequential designation no. 42
650 #0 - SUBJECT ADDED ENTRY--TOPICAL TERM
Topical term or geographic name entry element Mineral industries
General subdivision Exhibitions.
650 #0 - SUBJECT ADDED ENTRY--TOPICAL TERM
Topical term or geographic name entry element Mines and mineral resources
Geographic subdivision United States.
650 #0 - SUBJECT ADDED ENTRY--TOPICAL TERM
Topical term or geographic name entry element Geology, Economic
General subdivision Bibliography
-- Catalogs.
650 #0 - SUBJECT ADDED ENTRY--TOPICAL TERM
Topical term or geographic name entry element Metallurgy
General subdivision Bibliography
-- Catalogs.
810 2# - SERIES ADDED ENTRY--CORPORATE NAME
Corporate name or jurisdiction name as entry element United States National Museum.
Title of a work Bulletin.
Volume/sequential designation no. 42.

No items available.

Powered by Koha